书目信息 |
| 题名: |
香港经济与未来
|
|
| 作者: | 比瑟 , Beazer 著 ;何伟文 译 | |
| 分册: | ||
| 出版信息: | 北京 中国财政经济出版社 1982 |
|
| 页数: | 192页 | |
| 开本: | 19cm | |
| 丛书名: | ||
| 单 册: | ||
| 中图分类: | F127.658 | |
| 科图分类: | ||
| 主题词: | 经济发展--研究--香港 | |
| 电子资源: | ||
| ISBN: | ||
| 000 | 00889nam0 2200301 45 | |
| 001 | 0182008694 | |
| 005 | 20040427110923.0 | |
| 010 | @dCNY0.60 | |
| 091 | @a4166.346 | |
| 100 | @a19950407d1982 em y0chiy0121 ea | |
| 101 | 1 | @achi@ceng |
| 102 | @aCN@b110000 | |
| 105 | @ay z 000yy | |
| 106 | @ar | |
| 200 | 10 | @a香港经济与未来@Axiang gang jing ji yu wei lai@f(美)比瑟(W.F. Beazer)著@g何伟文译 |
| 210 | @a北京@c中国财政经济出版社@d1982 | |
| 215 | @a192页@d19cm | |
| 300 | @a书名原文:The economical future of Hong Kong | |
| 300 | @a限国内发行 | |
| 510 | 1 | @aThe economical future of Hong Kong@zeng |
| 606 | @a经济发展@x研究@y香港 | |
| 690 | @aF127.658@v3 | |
| 701 | 1 | @a比瑟@Abi se@bW.F.@4著 |
| 701 | A1 | @aBeazer@bW.F.@4著 |
| 702 | 0 | @a何伟文@Ahe wei wen@4译 |
| 801 | 0 | @aCN@b上海图书馆@c20040427 |
| 801 | 2 | @aCN@bNLC@c20040427 |
| 905 | @f2@b213041-042@dF127.658@e14 | |
| 香港经济与未来/(美)比瑟(W.F. Beazer)著/何伟文译.-北京:中国财政经济出版社,1982 |
| 192页;19cm |
| 书名原文:The economical future of Hong Kong.-限国内发行 |
| ISBN :CNY0.60 |
| ● |
| 相关链接 |
|
|
|
|
正题名:香港经济与未来
索取号:F127.658/14
 
预约/预借
| 序号 | 登录号 | 条形码 | 馆藏地/架位号 | 状态 | 备注 |
| 1 | 0213041 | 000200366 | 密集书库/ [索取号:F127.658/14] | 在馆 | |
| 2 | 0213042 | 000200446 | 密集书库/ [索取号:F127.658/14] | 在馆 | |
| 3 | 0213043 | 000200400 | 第一样本阅览室/ [索取号:F127.658/14] | 在馆 |